000 00303nam a2200133Ia 4500
100 _aHaigh/Andrew
942 _cBK
654 _aobject oriented
245 _aObject Oriented Analysis & design
260 _bTata Mc Graw hill Ltd.
_c2001
082 _a5.11
_bHAI
300 _a477
546 _aENGLISH
999 _c28541
_d28541